दक्षिण भारत के पर्यटन स्थल / (Record no. 117930)
[ view plain ]
| 000 -LEADER | |
|---|---|
| fixed length control field | 01139nam a22002537a 4500 |
| 005 - DATE AND TIME OF LATEST TRANSACTION | |
| control field | 20170124103103.0 |
| 010 ## - LIBRARY OF CONGRESS CONTROL NUMBER | |
| LC control number | B-080237 |
| 020 ## - INTERNATIONAL STANDARD BOOK NUMBER | |
| Terms of availability | 200.00 |
| International Standard Book Number | 81877744452 |
| 035 ## - SYSTEM CONTROL NUMBER | |
| System control number | B-080237 |
| 037 ## - SOURCE OF ACQUISITION | |
| Source of stock number/acquisition | Cen Lib/Ret |
| 040 ## - CATALOGING SOURCE | |
| Original cataloging agency | DPL |
| Language of cataloging | HN |
| 082 ## - DEWEY DECIMAL CLASSIFICATION NUMBER | |
| Classification number | 915.43 |
| Item number | चंदेल |
| 100 ## - MAIN ENTRY--PERSONAL NAME | |
| Personal name | चंदेल, रूपसिंह |
| 9 (RLIN) | 77545 |
| 245 ## - TITLE STATEMENT | |
| Title | दक्षिण भारत के पर्यटन स्थल / |
| Statement of responsibility, etc | रूपसिंह चंदेल |
| 246 ## - VARYING FORM OF TITLE | |
| Title proper/short title | Dakshin bharat ke paryatan sthal / |
| Remainder of title | by Roop Singh Chandel |
| 260 ## - PUBLICATION, DISTRIBUTION, ETC. (IMPRINT) | |
| Place of publication, distribution, etc | नई दिल्ली |
| Name of publisher, distributor, etc | नीलकंठ प्रकाशन |
| Date of publication, distribution, etc | 2004 |
| 270 ## - ADDRESS | |
| Address | 1/1079ई, महरौली |
| City | नई दिल्ली |
| Postal code | 110030 |
| 300 ## - PHYSICAL DESCRIPTION | |
| Extent | 187पृ. |
| Dimensions | 21सेमी (सजिल्द) |
| 650 ## - SUBJECT ADDED ENTRY--TOPICAL TERM | |
| Topical term or geographic name as entry element | पर्यटन स्थल--भारत |
| 9 (RLIN) | 77546 |
| 650 ## - SUBJECT ADDED ENTRY--TOPICAL TERM | |
| Topical term or geographic name as entry element | स्वच्छता का पर्याय--प्राकृतिक सौन्दर्य |
| 9 (RLIN) | 77547 |
| 650 ## - SUBJECT ADDED ENTRY--TOPICAL TERM | |
| Topical term or geographic name as entry element | Tourism--India |
| 9 (RLIN) | 17428 |
| 650 ## - SUBJECT ADDED ENTRY--TOPICAL TERM | |
| Topical term or geographic name as entry element | Hygiene synonymous--Natural beauty |
| 9 (RLIN) | 77548 |
| 942 ## - ADDED ENTRY ELEMENTS (KOHA) | |
| Source of classification or shelving scheme | Dewey Decimal Classification |
| Koha item type | Hindi Books |
| Classification part | 915.43 |
| Call number suffix | चंदेल |
| Withdrawn status | Lost status | Damaged status | Not for loan | Home library | Current library | Date acquired | Source of acquisition | Cost, normal purchase price | Total Checkouts | Full call number | Barcode | Date last seen | Date checked out | Copy number | Cost, replacement price | Price effective from | Koha item type |
|---|---|---|---|---|---|---|---|---|---|---|---|---|---|---|---|---|---|
| Central Library | Central Library | 09/09/2015 | Cen Lib/Ret | 200.00 | 7 | 915.43 चंदेल | B-080237 | 24/09/2018 | 10/09/2018 | 1 | 200.00 | 09/09/2015 | Hindi Books |
